Statistics for Groups of Countries (by Cedo) #21

Click here to take the quiz!

General Stats

  • This quiz has been taken 112 times
  • The average score is 19 of 24

Answer Stats

HintAnswer% Correct
Rhine RiverGermany
98%
Countries bordering United Arab EmiratesSaudi Arabia
96%
Countries bordering United Arab EmiratesOman
93%
Rhine RiverSwitzerland
90%
Rhine RiverFrance
89%
Rhine RiverAustria
88%
Copa América Winners (since 1916)Colombia
88%
Copa América Winners (since 1916)Argentina
87%
Copa América Winners (since 1916)Brazil
87%
Copa América Winners (since 1916)Chile
86%
Tamil as official languageIndia
86%
Tamil as official languageSri Lanka
85%
Copa América Winners (since 1916)Uruguay
85%
Copa América Winners (since 1916)Bolivia
84%
Rhine RiverNetherlands
83%
Copa América Winners (since 1916)Paraguay
83%
Rhine RiverLiechtenstein
82%
Copa América Winners (since 1916)Peru
82%
French Overseas RegionsFrench Guiana
80%
French Overseas RegionsMartinique
57%
Tamil as official languageSingapore
56%
French Overseas RegionsGuadeloupe
52%
French Overseas RegionsRéunion
51%
French Overseas RegionsMayotte
33%

Score Distribution

Percentile by Number Answered

Percent of People with Each Score

Your Score History

You have not taken this quiz